Score 0/48 Timer 10:00
0 Plays Today
Monster % Correct
Vampire
97.1%
Werewolf
88.6%
Ghost
85.7%
Ghoul
82.9%
Invisible Man
82.9%
Hydra
80%
Zombie
80%
Mummy
80%
Great Beast
77.1%
Cyclops
77.1%
Bigfoot
77.1%
Hobgoblin
77.1%
Medusa
77.1%
Witch
77.1%
Kraken
74.3%
The Monster
74.3%
Goblin
74.3%
Roc
74.3%
Spring-Heeled Jack
74.3%
Red Cap
71.4%
Skeleton
71.4%
Hunchback
71.4%
Cerberus
68.6%
Chimera
68.6%
Monster % Correct
The Phantom
68.6%
Mad Scientist
68.6%
Behemoth
65.7%
Griffin
65.7%
Cockatrice
65.7%
Jotun Troll
65.7%
Gremlin
65.7%
Manticore
62.9%
Baba Yaga
62.9%
Kali
62.9%
Harpy
62.9%
Vampiress
62.9%
Charon
62.9%
The Beast
62.9%
Tyrannosaurus Rex
60%
Triton
60%
Ogre
60%
Winged Panther
60%
Karnak
51.4%
Windigo
51.4%
Tengu
48.6%
Haniver
48.6%
Coatlicue
45.7%
Catoblepas
45.7%

You're not logged in!

Compare scores with friends on all Sporcle quizzes.
OR
Log In

Sporcle TV

Today on Sporcle TV


Watch our educational content, quiz creation guides, and fun videos on Sporcle TV.

Show Comments

Extras

Created Oct 10, 2009SourceReportNominate
Tags:Monster, pocket, Series

Top Quizzes Today


Score Distribution

Paid Content

Your Account Isn't Verified!

In order to create a playlist on Sporcle, you need to verify the email address you used during registration. Go to your Sporcle Settings to finish the process.

Report this User

Report this user for behavior that violates our Community Guidelines.

Details: